| 000 | 01270nam a22003617a 4500 | ||
|---|---|---|---|
| 003 | CHAP | ||
| 005 | 20220329142125.0 | ||
| 008 | 990824d1999 mx r 00110 spa d | ||
| 010 | _a78811 | ||
| 011 | _a79783 | ||
| 035 | _a90188 | ||
| 040 | _cCHAP | ||
| 090 | _aTesis | ||
| 100 | 0 | 0 |
_aNúñez Hernández, Elsa Yolanda. _981943 |
| 245 | 1 | 0 |
_aRepetibilidad de tasa de ovulación en ovejas Suffolk y criollas con estro sincronizado y natural _c/por Elsa Yolanda Núñez Hernández |
| 260 |
_aChapingo, Méx. : _bEl autor, _c1999. |
||
| 300 | _a70 h. | ||
| 502 | _aTesis (M.C. en Producción Animal) -- UACH. Departamento de Zootecnia | ||
| 590 |
_aALEPH _b10 _c20130110 _lUCH01 _h1430 |
||
| 590 |
_aBATCH-UPD _b10 _c20130110 _lUCH01 _h1802 |
||
| 590 |
_aBATCH-UPD _b10 _c20130410 _lUCH01 _h1138 |
||
| 590 |
_aBATCH-UPD _b10 _c20130914 _lUCH01 _h0931 |
||
| 590 |
_aCONVERSION _b10 _c20130109 _lUCH01 _h1344 |
||
| 650 | 1 | 4 |
_aCiclo estrual. _923072 |
| 650 | 1 | 4 |
_aGanado lanar. _945150 |
| 650 | 1 | 4 |
_aOvulación. _984414 |
| 901 | _aBK | ||
| 905 | _aAlejandra Carrasco M. | ||
| 942 | _cFOLL | ||
| 949 |
_bBC _cTES _d33724000716155 _eTS2 _fc.2 _h34153 _i90188 _sb |
||
| 949 |
_bBC _cTES _d33724000759080 _eTS2 _fc.3 _h35536 _i90188 _sb |
||
| 949 |
_bBC _cTES _d901881 _eTS1 _h34152 _i90188 _sb |
||
| 999 |
_c78811 _d78811 |
||